DESIGUALDAD y globalización cinco conferencias (Record no. 35214)
[ view plain ]
| 000 -CABECERA | |
|---|---|
| campo de control de longitud fija | 00615cam a22002412a 4500 |
| 001 - NÚMERO DE CONTROL | |
| campo de control | 024732 |
| 003 - IDENTIFICADOR DEL NÚMERO DE CONTROL | |
| campo de control | AR-FADEU |
| 005 - FECHA Y HORA DE LA ÚLTIMA TRANSACCIÓN | |
| campo de control | 20220520102511.0 |
| 008 - DATOS DE LONGITUD FIJA--INFORMACIÓN GENERAL | |
| campo de control de longitud fija | 311216n2001####xxu####################dd |
| 020 ## - ISBN | |
| Número Internacional Estándar del Libro | 987-500-060-4 |
| 040 ## - FUENTE DE LA CATALOGACIÓN | |
| Centro/agencia transcriptor | Biblioteca Ernesto Sábato |
| 092 ## - SIGNATURA TOPOGRÁFICA | |
| Número de clasificación | 362.82 |
| Libristica | D441 |
| Sector | JLS |
| 245 ## - MENCIÓN DE TÍTULO | |
| Título | DESIGUALDAD y globalización cinco conferencias |
| 260 ## - PUBLICACIÓN, DISTRIBUCIÓN, ETC. (PIE DE IMPRENTA) | |
| Lugar de publicación, distribución, etc. | Buenos Aires |
| 260 ## - PUBLICACIÓN, DISTRIBUCIÓN, ETC. (PIE DE IMPRENTA) | |
| Nombre del editor, distribuidor, etc. | UBA. Facultad de Ciencias Sociales |
| 260 ## - PUBLICACIÓN, DISTRIBUCIÓN, ETC. (PIE DE IMPRENTA) | |
| Nombre del editor, distribuidor, etc. | Manantial |
| 260 ## - PUBLICACIÓN, DISTRIBUCIÓN, ETC. (PIE DE IMPRENTA) | |
| Fecha de publicación, distribución, etc. | 2001 |
| 300 ## - DESCRIPCIÓN FÍSICA | |
| Paginas | 140 p |
| 650 ## - Descriptores Tematicos | |
| Término de materia o nombre geográfico como elemento inicial | DESIGUALDAD SOCIAL |
| 650 ## - Descriptores Tematicos | |
| Término de materia o nombre geográfico como elemento inicial | JLS |
| 700 ## - Coautores y traductores | |
| Nombre de persona | Robert, Castel |
| 942 ## - ELEMENTOS DE PUNTO DE ACCESO ADICIONAL (KOHA) | |
| Tipo de ítem Koha | JLS |
| Fuente del sistema de clasificación o colocación | Dewey Decimal Classification |
| Estado de retiro | Estado de pérdida | Fuente del sistema de clasificación o colocación | Estado dañado | No para préstamo | Localización permanente | Ubicación/localización actual | Fecha de adquisición | Número de inventario | Total de préstamos | Signatura topográfica completa | Código de barras | Fecha visto por última vez | Precio válido a partir de | Tipo de ítem Koha |
|---|---|---|---|---|---|---|---|---|---|---|---|---|---|---|
| Dewey Decimal Classification | Biblioteca Ernesto Sabato - FADECS - UNCOMA | Biblioteca Ernesto Sabato - FADECS - UNCOMA | 20/05/2022 | 25738 | 300 D441 | 25738 | 20/05/2022 | 20/05/2022 | JLS |